• 首页
  • 本馆介绍
  • 公告通知
  • 最新文献
  • 馆藏检索
  • 电子资源
  • 读者导购
  • 参考咨询
  • 我的图书馆
  • 登录
  • 详细信息显示
  • 放入我的书架
  • 预约/预借图书
  • 作者相关作品
  • 分类相关作品
  • 丛书相关作品
  • 出版社相关作品

书目信息

  • 表格格式
  • 工作单格式
  • 卡片格式
题名:
灰色系统理论在地学中的应用研究
    
 
作者: 赵云胜 , 龙昱 , 赵钦球 , 罗中杰 著
分册:  
出版信息: 武汉   华中科技大学出版社  1997.09
页数: 247页
开本: 32开
丛书名:
单 册:
中图分类: P554
科图分类:
主题词: 灰色系统理论--地学--探矿巷道通风--安全工程
电子资源:
ISBN: 7-5609-1607-4
000 00705nam0 2200229 45
001 0209171663
005 20031219104057.3
010    @a7-5609-1607-4@dCNY10.00
100    @a20020917d1997 km y0chiy0120 ea
101 0  @achi
105    @ak z 000yy
200 1  @a灰色系统理论在地学中的应用研究@AHui Se Xi Tong Li Lun Zai Di Xue ZhongDe Ying Yong Yan Jiu@f赵云胜等著@FZhao Yun Sheng Deng Zhu
210    @a武汉@c华中科技大学出版社@d1997.09
215    @a247页@d32开
606 0  @a灰色系统理论@x地学@x探矿巷道通风@x安全工程
690    @aP554
701    @a赵云胜@4著
701  0 @a龙昱@4著
701  0 @a赵钦球@4著
701  0 @a罗中杰@4著
801    @aCN@bTSTC@c20020917
905    @b314429-438@dP554@e63@f10
    
    灰色系统理论在地学中的应用研究/赵云胜等著.-武汉:华中科技大学出版社,1997.09
    247页;32开
    
    
    ISBN 7-5609-1607-4:CNY10.00
    
●
相关链接 在E读中查询图书 在五车中查询图书 在当当中查询图书 在豆瓣中查询图书


正题名:灰色系统理论在地学中的应用研究     索取号:P554/63         预约/预借

序号 登录号 条形码 馆藏地/架位号 状态 备注
1 0314429   203144294   第三借阅区/ [索取号:P554/63] 在馆    
2 0314430   203144301   第三借阅区/ [索取号:P554/63] 在馆    
3 0314431   203144310   第三借阅区/ [索取号:P554/63] 在馆    
4 0314432   203144329   第三借阅区/ [索取号:P554/63] 在馆    
5 0314433   203144338   第三借阅区/ [索取号:P554/63] 在馆    
6 0314434   203144347   第三借阅区/ [索取号:P554/63] 在馆    
7 0314435   203144356   第三借阅区/ [索取号:P554/63] 在馆    
8 0314436   203144365   第三借阅区/ [索取号:P554/63] 在馆    
9 0314437   203144374   第三借阅区/ [索取号:P554/63] 在馆    
10 0314438   203144383   第二样本阅览室/ [索取号:P554/63] 在馆    
唐山师范学院图书馆 欢迎您!
大连网信软件有限公司© 版权所有